Próceres del Perú : (Record no. 12744)

000 -CABECERA
fixed length control field 00927nam a22002057a 4500
003 - IDENTIFICADOR DEL NÚMERO DE CONTROL
control field AR-CdUCM
008 - DATOS DE LONGITUD FIJA--INFORMACIÓN GENERAL
fixed length control field 190410b ||||| |||| 00| 0 esp d
040 ## - FUENTE DE LA CATALOGACIÓN
Agencia/entidad que catalogó originalmente la obra MUNICIPALIDAD PROVINCIAL DEL CUSCO
Entidad que transcribió la catalogación BIBLIOTECA MUNICIPAL DEL CUSCO
082 ## - NÚMERO DE LA CLASIFICACIÓN DECIMAL DEWEY
No. de Clasificación 985.05 /
Notacion interna SA235
100 ## - ENTRADA PRINCIPAL--NOMBRE DE PERSONA
Nombre Personal Centro de Estudios Histórico Militares del Perú
245 ## - MENCIÓN DE TÍTULO
Título Próceres del Perú :
Resto del título Felipe Santiago Estenós /
260 ## - PUBLICACIÓN, DISTRIBUCIÓN, ETC.
Lugar de publicación, distribución, etc. México, D.F :
Nombre de la editorial, distribuidor, etc. Talleres de Gráfica Panamericana,
Fecha de publicación, distribución, etc. 1965.
300 ## - DESCRIPCIÓN FÍSICA
Nº de Páginas Extensión 382 páginas ;
Otros detalles físicos 21 cm.
505 ## - NOTA DE CONTENIDO CON FORMATO
Nota de contenido formateada Estenos en la Universidad de San Marcos -- Entrevista con el Protector San Martín -- Primer congreso constituyente de Perú -- La llegada de Bolivia -- Estenós y el Cacique Ara ...
650 ## - PUNTO DE ACCESO ADICIONAL DE MATERIA--TÉRMINO DE MATERIA
Descriptor Héroes
9 (RLIN) 1336
650 ## - PUNTO DE ACCESO ADICIONAL DE MATERIA--TÉRMINO DE MATERIA
Descriptor Publicaciones militares
9 (RLIN) 30780
942 ## - ELEMENTOS DE PUNTO DE ACCESO ADICIONAL (KOHA)
Fuente de clasificación
Tipo de item Libros-BMC
945 ## - PROCESAMIENTO DE INFORMACIÓN LOCAL (OCLC)
Catalogador acrt
AAAA-MM-DD - Fecha de ingreso o modificacion 10/04/2019
Holdings
Estado de retiro (separado) Fuente de clasificación o esquema de estanterías Estado dañado Ubicación Sala donde se ubica Nombre de la colección Fecha de adquisición o compra Costo, precio normal en soles Signatura topográfica Código de Barras Última vez visto (Koha) Tipo de ítem (Koha)
No     Sala Humanidades Sala Humanidades Book Cart 2019-04-10 40.00 985.05 / SA235 SH0000010569 2019-04-10 Libros-BMC
No     Sala Humanidades Sala Humanidades Book Cart 2019-04-10 40.00 985.05 / SA235 /e.2 SH0000014272 2019-05-17 Libros-BMC

Powered by Koha